00266 a2200121 450000100060000002000180000604000220002424000310004624500260007730000080010336200090011165000240012061687 a9788516068431 cAnchieta - Pituba10aAraribá geografia 9lpor10aAraribá geografia 9 a2400 a2010 4aGeografia e viagens